| 000 | 00000nam 2200000za 4500 |
| 001 | 9.695585 |
| 003 | CaOODSP |
| 005 | 20210624234637 |
| 007 | cr ||||||||||| |
| 008 | 150407|2012||||xxc|||||o f|0| 0 eng d |
| 020 | |a978-1-100-20031-6 |
| 040 | |aCaOODSP|beng |
| 043 | |an-cn--- |
| 086 | 1 |aA118-10/29-2012E-PDF |
| 110 | 1 |aCanada.|bAgriculture and Agri-Food Canada. |bPest Management Centre. |
| 245 | 10|aCrop profile for winter wheat in Canada, 2010 / |h[electronic resource]|cprepared by Pesticide Risk Reduction Program. |
| 260 | |aOttawa - Ontario : |bAgriculture and Agri-Food Canada. |cc2012. |
| 300 | |a69p.|bcoloured map, references, tables |
| 590 | |a12-24|b2012-06-15 |
| 690 | 07|aWheat|2gcpds |
| 775 | 08|tProfil de la culture du blé d'automne au Canada, 2010 / |w(CaOODSP)9.639718 |
| 794 | |tCrop profile for winter wheat in Canada, 2016 / |w(CaOODSP)9.872773 |
| 856 | 40|ahttp://publications.gc.ca|qPDF|s3.04 MB|uhttps://publications.gc.ca/collections/collection_2012/agr/A118-10-29-2012-eng.pdf |
| 986 | |aAAFC No. 11694E |